Podróże apostolskie Jana Pawła II - Statystyki

Ogólne statystyki
  • Ten quiz został rozwiązany 277 razy
  • Średni wynik to 86 z 104
Statystyki odpowiedzi
Lp. Data wizyty Państwo/Państwa % Poprawnych
64. 20 – 22 maja 1995 Czechy | Polska
100%
52. 13 – 20 sierpnia 1991 Polska | Wegry
100%
2. 2 – 10 czerwca 1979 Polska
99%
18. 16 – 23 czerwca 1983 Polska
99%
35. 8 – 14 czerwca 1987 Polska
99%
51. 1 – 9 czerwca 1991 Polska
99%
78. 31 maja – 10 czerwca 1997 Polska
99%
87. 5 – 17 czerwca 1999 Polska
99%
98. 16 – 19 sierpnia 2002 Polska
99%
60. 9 – 16 sierpnia 1993 Jamajka | Meksyk | Stany Zjednoczone
98%
85. 22 – 28 stycznia 1999 Meksyk | Stany Zjednoczone
98%
3. 29 września – 8 października 1979 Irlandia | Stany Zjednoczone
97%
9. 16 – 27 lutego 1981 Pakistan | Filipiny | Japonia | Guam | Stany Zjednoczone
97%
36. 10 – 21 września 1987 Stany Zjednoczone | Kanada
96%
21. 2 – 12 maja 1984 Stany Zjednoczone | Korea Południowa | Papua-Nowa Gwinea | Wyspy Salomona | Tajlandia
96%
13. 10 – 13 czerwca 1982 Brazylia | Argentyna
95%
97. 23 lipca – 2 sierpnia 2002 Kanada | Gwatemala | Meksyk
95%
68. 4 – 9 października 1995 Stany Zjednoczone
95%
1. 25 stycznia – 1 lutego 1979 Dominikana | Meksyk | Bahamy
94%
72. 21 – 23 czerwca 1996 Niemcy
94%
42. 1 – 10 czerwca 1989 Norwegia | Islandia | Finlandia | Dania | Szwecja
94%
8. 15 – 19 listopada 1980 RFN
94%
34. 30 kwietnia – 4 maja 1987 RFN
94%
33. 31 marca – 13 kwietnia 1987 Urugwaj | Chile | Argentyna
94%
41. 28 kwietnia – 6 maja 1989 Madagaskar | Francja | Zambia | Malawi
93%
17. 2 – 10 marca 1983 Portugalia | Kostaryka | Nikaragua | Panama | Salwador | Gwatemala | Honduras | Belize | Haiti
93%
63. 11 – 21 stycznia 1995 Filipiny | Papua-Nowa Gwinea | Australia | Sri Lanka
92%
24. 10 – 13 października 1984 Hiszpania | Dominikana | Portoryko
92%
47. 6 – 14 maja 1990 Meksyk | Curaçao
92%
6. 30 maja – 2 czerwca 1980 Francja
91%
19. 14 – 15 sierpnia 1983 Francja
91%
31. 4 – 7 października 1986 Francja
91%
40. 8 – 11 października 1988 Francja
91%
74. 19 – 23 września 1996 Francja
91%
79. 21- 24 sierpnia 1997 Francja
91%
104. 14 – 15 sierpnia 2004 Francja
91%
32. 18 listopada – 1 grudnia 1986 Bangladesz | Singapur | Fidżi | Nowa Zelandia | Australia | Seszele
90%
7. 30 czerwca – 12 lipca 1980 Brazylia
90%
53. 12 – 21 października 1991 Brazylia
90%
80. 2 – 6 października 1997 Brazylia
90%
16. 31 października – 9 listopada 1982 Hiszpania
90%
43. 19 – 21 sierpnia 1989 Hiszpania
90%
59. 12 – 17 czerwca 1993 Hiszpania
90%
99. 3 – 4 maja 2003 Hiszpania
90%
67. 14 – 20 września 1995 Kamerun | Republika Południowej Afryki | Kenia
90%
93. 4 – 9 maja 2001 Grecja | Syria | Malta
89%
76. 25 – 27 kwietnia 1997 Czechy
88%
11. 12 – 15 maja 1982 Portugalia
88%
50. 10 – 13 maja 1991 Portugalia
88%
92. 12 – 13 maja 2000 Portugalia
88%
66. 30 czerwca – 3 lipca 1995 Słowacja
88%
102. 11 – 14 września 2003 Słowacja
88%
25. 26 stycznia – 6 lutego 1985 Wenezuela | Ekwador | Peru | Trynidad i Tobago
88%
23. 9 – 21 września 1984 Kanada
87%
37. 7 – 19 maja 1988 Urugwaj | Boliwia | Peru | Paragwaj
87%
12. 28 maja – 2 czerwca 1982 Wielka Brytania
87%
39. 10 – 19 września 1988 Zimbabwe | Botswana | Republika Południowej Afryki | Lesotho | Suazi | Mozambik
87%
89. 5 – 9 listopada 1999 Indie | Gruzja
85%
27. 8 – 19 sierpnia 1985 Togo | Wybrzeże Kości Słoniowej | Kamerun | Republika Środkowoafrykańska | Zair | Kenia | Maroko
85%
5. 2 – 12 maja 1980 Zair | Kongo | Kenia | Ghana | Górna Wolta | Wybrzeże Kości Słoniowej
83%
26. 11 – 21 maja 1985 Holandia | Luksemburg | Belgia
82%
4. 28 – 30 listopada 1979 Turcja
81%
90. 24 – 26 lutego 2000 Egipt
80%
69. 5 – 12 lutego 1996 Gwatemala | Nikaragua | Salwador | Wenezuela
80%
29. 31 stycznia – 11 lutego 1986 Indie
80%
91. 20 – 26 marca 2000 Jordania | Izrael
80%
44. 6 – 16 października 1989 Korea Południowa | Indonezja | Mauritius
80%
61. 4 – 10 września 1993 Litwa | Łotwa | Estonia
80%
28. 8 września 1985 Szwajcaria | Liechtenstein
80%
94. 23 – 27 czerwca 2001 Ukraina
80%
96. 22 – 26 maja 2002 Azerbejdżan | Bułgaria
79%
65. 3 – 4 czerwca 1995 Belgia
79%
30. 1 – 8 lipca 1986 Kolumbia | Saint Lucia
78%
73. 6 – 7 września 1996 Węgry
78%
20. 10 – 13 września 1983 Austria
77%
38. 23 – 27 czerwca 1988 Austria
77%
83. 19 – 21 czerwca 1998 Austria
77%
62. 10 – 11 września 1994 Chorwacja
77%
84. 2 – 4 października 1998 Chorwacja
77%
100. 5 – 9 czerwca 2003 Chorwacja
77%
49. 1 – 10 września 1990 Malta | Tanzania | Burundi | Rwanda | Wybrzeże Kości Słoniowej
77%
14. 15 czerwca 1982 Szwajcaria
77%
22. 12 – 17 czerwca 1984 Szwajcaria
77%
203. 5 – 6 czerwca 2004 Szwajcaria
77%
86. 7 – 9 maja 1999 Rumunia
73%
71. 17 – 19 maja 1996 Słowenia
73%
88. 19 września 1999 Słowenia
73%
10. 12–19 lutego 1982 Nigeria | Benin | Gabon | Gwinea Równikowa
69%
81. 21 – 26 stycznia 1998 Kuba
68%
95. 22 – 27 września 2001 Kazachstan | Armenia
65%
82. 21 – 23 marca 1998 Nigeria
63%
57. 3 – 10 lutego 1993 Benin | Uganda | Sudan
60%
58. 25 kwietnia 1993 Albania
57%
75. 12 – 13 kwietnia 1997 Bośnia i Hercegowina
56%
101. 22 czerwca 2003 Bośnia i Hercegowina
56%
48. a 25 – 27 maja 1990 Malta
55%
15. 29 sierpnia 1982 San Marino
55%
54. 19 – 26 lutego 1992 Senegal | Gambia | Gwinea
55%
70. 14 kwietnia 1996 Tunezja
50%
56. 9 – 14 października 1992 Dominikana
48%
45. 25 stycznia – 1 lutego 1990 Republika Zielonego Przylądka | Gwinea Bissau | Mali | Burkina Faso | Czad
48%
77. 10 – 11 maja 1997 Liban
44%
55. 4 – 10 czerwca 1992 Angola | Wyspy Świętego Tomasza i Książęca
38%
46. 21 – 22 kwietnia 1990 Czechosłowacja
25%
Nie znaleziono quizów pasujących do podanych kryteriów
Rozkład punktacji
Procent ludzi z każdym wynikiem
Percentyl według liczby udzielonych odpowiedzi
Twoja historia wyników
Nie rozwiązałeś tego quizu